La gestión de los conflictos en las organizaciones de salud: hora de innovar (Registro nro. 25344)
[ vista simple ]
| 000 -LEADER | |
|---|---|
| fixed length control field | 00412 a2200121 4500 |
| 001 - CONTROL NUMBER | |
| control field | ART_28310 |
| 005 - DATE AND TIME OF LATEST TRANSACTION | |
| control field | 20260410161855.0 |
| 008 - FIXED-LENGTH DATA ELEMENTS--GENERAL INFORMATION | |
| fixed length control field | 260409a |
| 100 1# - MAIN ENTRY--PERSONAL NAME | |
| Personal name | Aizenberg, Marisa S. |
| 245 10 - TITLE STATEMENT | |
| Title | La gestión de los conflictos en las organizaciones de salud: hora de innovar |
| 700 1# - ADDED ENTRY--PERSONAL NAME | |
| Personal name | Díaz, Ana I. |
| 773 0# - HOST ITEM ENTRY | |
| Title | Derecho privado |
| Related parts | Derecho a la salud - Año III, Nº 9 (dic. 2014) |
| Record control number | REV10455 |
No hay ítems disponibles.